| 000 | 00392nam a2200157Ia 4500 | ||
|---|---|---|---|
| 008 | 230128s9999 xx 000 0 und d | ||
| 041 | _aeng | ||
| 082 |
_aGAV PR0474 _bGAV |
||
| 100 |
_aGavande Prajakta A. _9118934 |
||
| 245 | _aAssessment of Stress | ||
| 250 | _a2K101034 | ||
| 260 |
_c2012 _bPune University _aRatnagiri |
||
| 300 | _a65p | ||
| 502 | _cSonar Pranita | ||
| 999 |
_c97232 _d97232 |
||